00591 2200241 4500001002100000005001700021008004100038020001700079035002400096082001100120090002100131100001200152245004500164250001100209260002700220300002900247650001000276850001200286980001500298985000600313999001500319999001500334YOGYA-0209000005068420090227032547.0 ind  a979-428-1190 0010-020900000050684 a739.72 a739.72bHam KlT aHAMZURI aKeriscHamzuri; Penerjemah, Judi Achjadi aCet. 3 a[s.l]bDjambatonc1993 avii, 64 hlmbilusc25 cm aKeris aYOPDYOG a02-01-2008 a2 a95P0056074 a94P0046595